| 000 | 00544nam a2200181Ia 4500 | ||
|---|---|---|---|
| 005 | 20250508164950.0 | ||
| 008 | 008 250505s9999 xx 000 0 san d | ||
| 037 | _aTextBook | ||
| 040 |
_aFEDL _beng _cFEDL |
||
| 041 |
_asan _2eng |
||
| 084 |
_a491.2, NCE/R _qFEDL |
||
| 245 | 0 | _aRuchira: Prathmo bhag: shastth vergiya sanskrit patthyapushtakam | |
| 245 | 0 | _cNCERT. New Delhi | |
| 260 |
_aDehradun, India _bKendriya Braille Press _c2009 |
||
| 546 | _aBraille books | ||
| 942 |
_cTB _h491.2, NCE/R |
||
| 999 |
_c1392329 _d1392329 |
||